1877 1813 1008 1071 1870 1245 1501 1129 1217 1425 1876 1058 1302 1740 1326 1465 1011 1008 1299 1780 1758 1148 1618 1240 1087 1437 1445 1622 1778 1703 1525 1306 1445 1558 1395 1915 1362 1410 1340 1815 1315 1391 1747 1507 1376 1628 1377 1438 1249 1567 1333 1796 1544 1675 1856 1311 1741 1932 1716 1012 1647 1993 1574 1846 1425 1467 1895 1453 1470 1322 1617 1497 1336 1846 1866 1142 1497 1537 1565 1895 1797 1748 1626 1129 1328 1421 1084 1302 1346 1471 1004 1725 1749 1574 1645 1303 1831 1132 1252 BCNSPRNW ULIB Ver.6.0+V

เปลี่ยนเป็นภาษาไทย

Change to English
 แสดงรายละเอียดบรรณานุกรม
  กลับหน้าหลัก

Brief Record : Get Marc (ISO 2709) : E-mail record : QR code < ปิดหน้าต่าง
LEADER : 00000nam 2200000uu 4500
001    13399113552
003     ULIB
008    111125s2553||||th 000 0 tha d
020    ^a9786165000550
090    ^aนว.^bม623ร 2553
100 0  ^aมุกเรียง
245 00 ^aร่านดอกรัก/^cมุกเรียง
250    ^aพิมพ์ครั้งที่ 1
260    ^aกรุงเทพฯ :^bพิมพ์คำ,^c2553
300    ^a386 หน้า
945    ^p250^l0^i16999
995    ^aกัณชพร
999    ^aใช้งานได้ทุกระบบ
รายการนี้ยังไม่มีแท็ก
คุณยังไม่ได้ล็อกอิน คุณสามารถมีกิจกรรมร่วมกับเว็บไซต์ได้ แต่ต้องล็อกอินก่อน ::
  ล็อกอิน

รายการสื่อสารสนเทศ

ลำดับที่ ประเภท เลขเรียก/บาร์โค้ด สถานที่ สถานะ
1. นวนิยาย
นวนิยาย
นว. ม623ร 2553  
  Barcode: 16999
ห้องสมุดวิทยาเขตนครสวรรค์
►นวนิยาย:l:Fiction
บนชั้น

รายการใกล้เคียง
    ผู้แต่ง [มุกเรียง]

BibComment


ยังไม่เคยถูกคอมเมนท์

คอมเมนท์ทรัพยากรรายการนี้
  คอมเมนท์: ร่านดอกรัก มุกเร..


 Copyright 2026. Bcnsprnw @Library